000 00595nam a2200205Ia 4500
005 20250508162438.0
008 008 250505s9999 xx 000 0 eng d
037 _aTextual
040 _aFEDL
_beng
_cFEDL
041 _aeng
_2eng
084 _a152.4, MEH
_qFEDL
100 _aMehrabian Albert
_928923
245 0 _aBasic dimensions for a general psychological theory
260 _aCambridge
_bOelgeschlager, Gunn and Hain Publishers
_c1980
300 _axxi,379p.
365 _aUSD
_b20
650 _aPerception
942 _cTEXL
_h152.4, MEH
999 _c1376595
_d1376595